000 00340nam a2200145Ia 4500
008 151213s9999 xx 000 0 und d
100 _aT. S. Eliot
245 _aCollected Poem
_cT. S. Eliot
260 _aLondon
_bFaber & Faber
_c1963
300 _a4481 p.
650 _aEnglish
650 _aPoem
700 _aT. S. Eliot
999 _c2856
_d2856